Economía con aplicaciones a Latinoamérica

Bibliographic Details
Main Authors: Samuelson, Paul A., Nordhaus, William D.
Format: Section = Libro
Language:Undetermined
Spanish
Published: México McGraw-Hill 2010
Edition:19a.ed
Subjects:
LEADER 00666nam a2200253Ia 4500
008 240830s9999 xx 000 0 und d
020 |a 978-607-15-0333-6 
040 |a CEDOC FIQ-RUSB / 330 S193 
041 |a spa 
082 |a 330 S193 
100 1 |a Samuelson, Paul A. 
100 1 |b Nordhaus, William D. 
245 1 0 |a Economía con aplicaciones a Latinoamérica 
250 |a 19a.ed 
260 |a México  |b McGraw-Hill  |c 2010 
300 |a 707 p. : il. 
650 7 |a ECONOMIA 
650 7 |b  MICROECONOMIA 
650 7 |c  MERCADOS DE TRABAJO 
650 7 |d  MACROECONOMIA 
650 7 |e  ORGANIZACIONES DE NEGOCIOS 
942 |c BK  |2 ddc 
991 |a TEXTO 
999 |c 13266